[Event "BL 1617 SV Hockenheim - Schwäbisch Hal"]
[Site "?"]
[Date "2017.04.30"]
[Round "14.8"]
[White "Braun, Arik"]
[Black "Raykhman, Alexander"]
[Result "1-0"]
[WhiteElo "2581"]
[BlackElo "2403"]
[PlyCount "91"]
[EventDate "2017.??.??"]

1. d4 Nf6 2. Nf3 g6 3. c4 Bg7 4. Nc3 d6 5. e4 O-O 6. h3 e5 7. d5 a5 8. g4 Na6
9. Be3 Nc5 10. Nd2 c6 11. Be2 Bd7 12. g5 Ne8 13. h4 f5 14. f3 Qb8 15. Nb3 b6
16. Nxc5 bxc5 17. Qd2 Rf7 18. O-O-O cxd5 19. Nxd5 Ra6 20. h5 Be6 21. h6 Bf8 22.
f4 fxe4 23. fxe5 dxe5 24. Qc3 Bd6 25. Rd2 Bxd5 26. cxd5 Rb6 27. Kb1 Rfb7 28.
Bc4 Rb4 29. Rf1 Rf7 30. Rxf7 Kxf7 31. Rf2+ Ke7 32. a3 Rb7 33. Qxa5 Qc7 34. Qe1
Qd7 35. Ka2 Qa4 36. b3 Qa8 37. Qf1 Ra7 38. Rf7+ Kd8 39. a4 Re7 40. Rf8 Rb7 41.
Qf6+ Be7 42. Rxe8+ Kxe8 43. Qh8+ Bf8 44. Bxc5 Rf7 45. Bb5+ Kd8 46. Bxf8 1-0

[Event "BL 1617 SV Griesheim - USV TU Dresden"]
[Site "?"]
[Date "2017.04.30"]
[Round "14.1"]
[White "Nisipeanu, Liviu-Dieter"]
[Black "Georgiadis, Nicolas"]
[Result "1/2-1/2"]
[WhiteElo "2684"]
[BlackElo "2478"]
[PlyCount "116"]
[EventDate "2017.??.??"]

1. e4 c5 2. Nf3 d6 3. c3 Nf6 4. Be2 Nbd7 5. d3 g6 6. O-O Bg7 7. Re1 O-O 8. Bf1
b6 9. a4 Bb7 10. Nbd2 Qc7 11. a5 Rac8 12. a6 Bc6 13. d4 e6 14. b4 b5 15. bxc5
dxc5 16. Ba3 Rfd8 17. Bd3 Rb8 18. Qe2 Qb6 19. Reb1 Bf8 20. h3 cxd4 21. cxd4 b4
22. Bc1 Bb5 23. Nc4 Qc6 24. Nfe5 Nxe5 25. Nxe5 Bxd3 26. Qxd3 Qc7 27. Bf4 Rbc8
28. Rc1 Qb6 29. Bg5 Be7 30. Qf3 b3 31. Rxc8 Rxc8 32. Bxf6 b2 33. Rb1 Qxd4 34.
Ng4 Bxf6 35. Qxf6 Qxf6 36. Nxf6+ Kg7 37. Rxb2 Kxf6 38. Rb7 Rc1+ 39. Kh2 Re1 40.
f3 Ra1 41. Rxa7 g5 42. Kg3 h5 43. h4 gxh4+ 44. Kxh4 Rh1+ 45. Kg3 h4+ 46. Kg4
Rh2 47. Rc7 Rxg2+ 48. Kxh4 Ra2 49. a7 e5 50. Kg3 Kg6 51. f4 Ra3+ 52. Kg4 exf4
53. Kxf4 Kf6 54. Rb7 Ke6 55. Kg5 Ra1 56. Rc7 Ra2 57. Kh6 f5 58. exf5+ Kxf5
1/2-1/2

[Event "BL 1617 SV Griesheim - USV TU Dresden"]
[Site "?"]
[Date "2017.04.30"]
[Round "14.2"]
[White "Krassowizkij, Jaroslaw"]
[Black "Maiwald, Jens-Uwe"]
[Result "1/2-1/2"]
[WhiteElo "2453"]
[BlackElo "2448"]
[PlyCount "51"]
[EventDate "2017.??.??"]

1. c4 e5 2. g3 d6 3. Nc3 Be7 4. Bg2 f5 5. d3 Nf6 6. e4 c6 7. Nge2 O-O 8. O-O
fxe4 9. dxe4 Qe8 10. Be3 Ng4 11. Bd2 Qh5 12. h3 Nf6 13. Kh2 Ng4+ 14. Kg1 Nf6
15. Kh2 Na6 16. Nc1 Bg4 17. f3 Be6 18. Qe2 Rad8 19. Be3 b6 20. b3 Nc5 21. Nd3
Nxd3 22. Qxd3 d5 23. cxd5 cxd5 24. exd5 Nxd5 25. Nxd5 Bxd5 26. Rad1 1/2-1/2

[Event "BL 1617 SV Griesheim - USV TU Dresden"]
[Site "?"]
[Date "2017.04.30"]
[Round "14.3"]
[White "Vogel, Roven"]
[Black "Tazbir, Marcin"]
[Result "1/2-1/2"]
[WhiteElo "2462"]
[BlackElo "2512"]
[PlyCount "44"]
[EventDate "2017.??.??"]

1. d4 Nf6 2. c4 g6 3. Nc3 d5 4. Nf3 Bg7 5. Bf4 O-O 6. e3 c6 7. Be2 a6 8. O-O b5
9. cxd5 cxd5 10. Ne5 Be6 11. b4 Ne4 12. Qc2 f6 13. Nd3 Bf5 14. Rfc1 g5 15. Bg3
Nxg3 16. hxg3 e6 17. Qd1 Qd6 18. Nc5 Nc6 19. Bf3 g4 20. Bxg4 Bxg4 21. Qxg4 f5
22. Qd1 Nxb4 1/2-1/2

[Event "BL 1617 SV Griesheim - USV TU Dresden"]
[Site "?"]
[Date "2017.04.30"]
[Round "14.4"]
[White "Walter, Stefan"]
[Black "Moehn, Hans"]
[Result "1/2-1/2"]
[WhiteElo "2416"]
[BlackElo "2382"]
[PlyCount "118"]
[EventDate "2017.??.??"]

1. d4 Nf6 2. c4 g6 3. Nc3 Bg7 4. e4 d6 5. f3 O-O 6. Be3 b6 7. Qd2 c5 8. d5 a6
9. Nge2 e6 10. a4 exd5 11. cxd5 Nbd7 12. Ng3 h5 13. Be2 h4 14. Nf1 h3 15. g3
Ne5 16. Bh6 Rb8 17. Bxg7 Kxg7 18. Rb1 Nh7 19. Ne3 f5 20. f4 Nf7 21. exf5 gxf5
22. Bf1 b5 23. axb5 axb5 24. b4 Nf6 25. Bxh3 cxb4 26. Rxb4 Qa5 27. Qd4 Qa1+ 28.
Rb1 Qa5 29. Bxf5 Re8 30. Be6 Bxe6 31. dxe6 Rxe6 32. O-O Qb6 33. Nf5+ Kg6 34.
Qxb6 Rxb6 35. Rxb5 Rxb5 36. Nxb5 d5 37. Nbd4 Ra6 38. h3 Ra3 39. Rf3 Ra1+ 40.
Kg2 Ne4 41. Ne7+ Kh7 42. Re3 Rd1 43. Nf3 Nfd6 44. Ng5+ Kg7 45. Nxe4 dxe4 46. g4
Kf6 47. Nc6 Ke6 48. Ne5 Kd5 49. Ra3 Rb1 50. h4 Nb5 51. Ra2 e3 52. h5 Nd4 53.
Nf3 e2 54. Ra5+ Ke4 55. Ra4 Ke3 56. Rxd4 Rf1 57. Rd8 Rf2+ 58. Kg1 Rf1+ 59. Kg2
Rf2+ 1/2-1/2

[Event "BL 1617 SV Griesheim - USV TU Dresden"]
[Site "?"]
[Date "2017.04.30"]
[Round "14.5"]
[White "Tischbierek, Raj"]
[Black "Baskin, Robert"]
[Result "1/2-1/2"]
[WhiteElo "2450"]
[BlackElo "2348"]
[PlyCount "63"]
[EventDate "2017.??.??"]

1. e4 c6 2. Nc3 d5 3. Nf3 Bg4 4. h3 Bxf3 5. Qxf3 e6 6. d3 Nd7 7. g3 Ngf6 8. a3
Bd6 9. Bg2 O-O 10. O-O Qb6 11. Kh1 Be5 12. Nd1 Qa6 13. Re1 Rad8 14. Qe2 dxe4
15. dxe4 Qxe2 16. Rxe2 Nc5 17. Be3 Bd4 18. Bd2 Rd7 19. Rb1 Rfd8 20. Ba5 b6 21.
Be1 Na4 22. Rd2 Nc5 23. f3 b5 24. g4 Be5 25. Rxd7 Ncxd7 26. Bf2 Nb6 27. Bf1 Bf4
28. Nc3 Rd2 29. Rd1 Rxd1 30. Nxd1 Nfd7 31. Kg2 Bc1 32. Be3 1/2-1/2

[Event "BL 1617 SV Griesheim - USV TU Dresden"]
[Site "?"]
[Date "2017.04.30"]
[Round "14.6"]
[White "Grimm, Julius"]
[Black "Gauglitz, Gernot"]
[Result "1/2-1/2"]
[WhiteElo "2281"]
[BlackElo "2387"]
[PlyCount "105"]
[EventDate "2017.??.??"]

1. d4 Nf6 2. c4 g6 3. Nc3 d5 4. Nf3 Bg7 5. Qb3 c6 6. cxd5 Nxd5 7. e4 Nxc3 8.
bxc3 O-O 9. Be2 Nd7 10. O-O Qc7 11. Be3 e5 12. d5 cxd5 13. exd5 b6 14. Nd2 Nc5
15. Qa3 Bb7 16. c4 Rfc8 17. Rac1 f5 18. Nb3 Bf8 19. Qb2 Na4 20. Qb1 Bd6 21.
Rfd1 Qe7 22. Rc2 Rc7 23. f3 Rac8 24. Qc1 Ba6 25. Bg5 Qe8 26. Bd3 Nc5 27. Nxc5
Bxc5+ 28. Kh1 Bd6 29. Re1 Qf7 30. h4 h5 31. Re3 Kh7 32. Qf1 Bb7 33. Ree2 Ba6
34. Re1 Bb7 35. Ree2 f4 36. Qb1 Ba6 37. Re4 b5 38. cxb5 Rxc2 39. Bxc2 Bxb5 40.
Qxb5 Rxc2 41. Rc4 Rd2 42. Rc8 Rxd5 43. Qb3 Kg7 44. Rd8 Rd4 45. Bh6+ Kf6 46.
Bg5+ Kg7 47. Bh6+ Kf6 48. Qb5 Kf5 49. Qc6 Bc5 50. Qc8+ Qe6 51. Rf8+ Bxf8 52.
Qxf8+ Qf6 53. Qc8+ 1/2-1/2

[Event "BL 1617 SV Griesheim - USV TU Dresden"]
[Site "?"]
[Date "2017.04.30"]
[Round "14.7"]
[White "Loxine, Jakov"]
[Black "Spitzl, Vinzent"]
[Result "1/2-1/2"]
[WhiteElo "2406"]
[BlackElo "2280"]
[PlyCount "40"]
[EventDate "2017.??.??"]

1. Nf3 d5 2. e3 Nf6 3. b3 Bf5 4. Bb2 e6 5. d3 h6 6. Nbd2 Be7 7. g3 O-O 8. Bg2
Nbd7 9. O-O c6 10. Qe2 Bh7 11. a3 a5 12. e4 Qc7 13. Rfd1 b5 14. e5 Ne8 15. Nf1
Qb7 16. g4 b4 17. a4 c5 18. Ng3 Rc8 19. Bc1 Qc7 20. h4 c4 1/2-1/2

[Event "BL 1617 SV Griesheim - USV TU Dresden"]
[Site "?"]
[Date "2017.04.30"]
[Round "14.8"]
[White "Nothnagel, Marian Can"]
[Black "Gungl, Theo"]
[Result "1/2-1/2"]
[WhiteElo "2121"]
[BlackElo "2269"]
[PlyCount "91"]
[EventDate "2017.??.??"]

1. e4 c5 2. Nf3 d6 3. c3 Nf6 4. Bc4 e6 5. Qe2 Be7 6. O-O O-O 7. Bb3 b6 8. d3
Bb7 9. Nbd2 Nc6 10. Re1 Rc8 11. Nf1 d5 12. Ng3 d4 13. c4 Nd7 14. Bd2 Qc7 15.
Rab1 Bd6 16. Ba4 Bf4 17. a3 Bxd2 18. Qxd2 Nde5 19. Nxe5 Nxe5 20. b4 Bc6 21.
Bxc6 Qxc6 22. f4 Ng4 23. h3 Ne3 24. Nf1 Nxf1 25. Rxf1 Qa4 26. Qd1 Qxd1 27.
Rfxd1 f6 28. Kf2 e5 29. f5 Kf7 30. Rd2 Rc7 31. Rdb2 Ra8 32. g4 h6 33. Ke2 h5
34. Kf3 Rh8 35. Kg3 Rcc8 36. bxc5 Rxc5 37. Rb5 Rxb5 38. Rxb5 hxg4 39. Kxg4 Rc8
40. a4 Kg8 41. Rd5 Rc7 42. Kh5 Kh7 43. Kg4 Rb7 44. Rb5 Rc7 45. Rd5 Rb7 46. Rd8
1/2-1/2

[Event "BL 1617 Werder Bremen - SK König Tegel"]
[Site "?"]
[Date "2017.05.01"]
[Round "15.2"]
[White "Areshchenko, Alexander"]
[Black "Moreno Tejera, Emilio"]
[Result "1/2-1/2"]
[WhiteElo "2686"]
[BlackElo "2426"]
[PlyCount "101"]
[EventDate "2017.??.??"]

1. e4 c5 2. Nf3 d6 3. Bb5+ Nd7 4. O-O Ngf6 5. Re1 a6 6. Bd3 g6 7. c3 Bg7 8. Bc2
O-O 9. d4 e5 10. d5 b5 11. a4 Nb6 12. b3 Bd7 13. Nbd2 Ne8 14. Nf1 Nc7 15. Bg5
f6 16. Be3 a5 17. axb5 Nxb5 18. Bd2 c4 19. Ne3 cxb3 20. Bxb3 a4 21. Ba2 Nc7 22.
Bc1 Na6 23. Ba3 Qc7 24. Rb1 Nc5 25. Nd2 Rab8 26. Qe2 Rfc8 27. Rb4 Be8 28. Reb1
Nbd7 29. Bc4 Nb6 30. Ba6 Rd8 31. g3 Bf8 32. Bb5 Bxb5 33. Qxb5 Nbd7 34. Qe2 Bh6
35. Kg2 Rdc8 36. h4 Kg7 37. h5 Bg5 38. Rh1 Rxb4 39. cxb4 Nb3 40. Nf3 Bxe3 41.
Qxe3 g5 42. h6+ Kf7 43. b5 Ke8 44. Nd2 Qb6 45. Qxb6 Nxb6 46. Nxb3 axb3 47. Rb1
Rc3 48. Bxd6 Nc4 49. Bb4 Rd3 50. b6 Nxb6 51. Kf1 1/2-1/2

[Event "BL 1617 Werder Bremen - SK König Tegel"]
[Site "?"]
[Date "2017.05.01"]
[Round "15.3"]
[White "Bruedigam, Martin"]
[Black "Bluebaum, Matthias"]
[Result "0-1"]
[WhiteElo "2403"]
[BlackElo "2634"]
[PlyCount "132"]
[EventDate "2017.??.??"]

1. e4 e6 2. d4 d5 3. Nd2 c5 4. exd5 Qxd5 5. dxc5 Nf6 6. Ngf3 Qxc5 7. Bd3 Nbd7
8. O-O Qc7 9. Nb3 Bd6 10. Qe2 O-O 11. Bg5 b6 12. Rad1 Bb7 13. Nbd4 a6 14. Rfe1
Rfe8 15. Bc4 b5 16. Bb3 Ne4 17. c3 Bxh2+ 18. Nxh2 Nxg5 19. Bc2 Nf6 20. Ng4 Nge4
21. Rd3 Qf4 22. Nxf6+ Nxf6 23. Rg3 g6 24. Rd1 Rad8 25. Qe3 Qxe3 26. Rxe3 Nd5
27. Ree1 Nb6 28. Nb3 Bd5 29. Nc5 Ra8 30. Bb3 Rec8 31. Ne4 Kg7 32. g3 Nc4 33.
Bxc4 Rxc4 34. Nd2 Rc7 35. a3 Rd8 36. Nb3 Kf6 37. f4 g5 38. fxg5+ Kxg5 39. Kf2
Kf6 40. Rd2 Rg8 41. Nc1 Rg5 42. Nd3 Rh5 43. Nf4 Rh2+ 44. Ke3 Rxd2 45. Kxd2 Bb7
46. Nd3 Ke7 47. b4 Bd5 48. Ra1 Rc8 49. a4 Rg8 50. Nc5 Rxg3 51. Nxa6 bxa4 52.
Rxa4 Rg2+ 53. Kd3 Rg3+ 54. Kd2 Bc4 55. Nc5 Rg2+ 56. Ke3 e5 57. Ra7+ Kf6 58. Rc7
Kf5 59. Nb7 Re2+ 60. Kf3 e4+ 61. Kg3 Re3+ 62. Kg2 Be6 63. Nd8 Bb3 64. Nxf7 Kf4
65. Rc6 Rg3+ 66. Kf2 Rf3+ 0-1

[Event "BL 1617 Werder Bremen - SK König Tegel"]
[Site "?"]
[Date "2017.05.01"]
[Round "15.4"]
[White "Efimenko, Zahar"]
[Black "Fruebing, Stefan"]
[Result "1/2-1/2"]
[WhiteElo "2650"]
[BlackElo "2392"]
[PlyCount "175"]
[EventDate "2017.??.??"]

1. Nf3 d5 2. g3 c6 3. Bg2 Bg4 4. O-O e6 5. c4 Nf6 6. cxd5 Bxf3 7. Bxf3 cxd5 8.
d4 Nc6 9. e3 Be7 10. Nc3 O-O 11. Bd2 Qd7 12. Rc1 Rfc8 13. Bg2 Ne8 14. Qe2 Nd6
15. Rfd1 Bd8 16. Be1 Ne7 17. b3 Rc6 18. Qb2 Rac8 19. Bf1 b5 20. Ne2 a5 21. Nf4
Rxc1 22. Rxc1 Rxc1 23. Qxc1 Qc6 24. Qb2 Bb6 25. Nd3 Qc7 26. h4 h5 27. Qe2 g6
28. g4 hxg4 29. Qxg4 Ne4 30. f3 Nf6 31. Qf4 Qxf4 32. Nxf4 b4 33. Bd3 Nf5 34.
Bxf5 exf5 35. Bg3 Bd8 36. Kg2 Kf8 37. Nd3 Ke8 38. Kh3 Kd7 39. Bh2 Bb6 40. Bb8
Nh5 41. Bh2 Nf6 42. Nf4 Bd8 43. Kg2 Kc6 44. Bg3 Bb6 45. h5 Nxh5 46. Nxh5 gxh5
47. Kh3 Bd8 48. Bh4 f6 49. Bg3 Kd7 50. Kh4 Ke6 51. Kxh5 Kf7 52. Bd6 Bb6 53. Kh4
Bd8 54. Kg3 Ke6 55. Bc5 Bc7+ 56. Kf2 Bd8 57. Ke2 Kd7 58. Kd3 Bc7 59. Kc2 Bd8
60. Bf8 Kc6 61. Bh6 Be7 62. Bf4 Bd8 63. Bg3 Be7 64. Kd3 Kd7 65. Be1 Bd8 66. Bd2
Bc7 67. Bc1 Bd6 68. Kc2 Kc6 69. Bd2 Bc7 70. Be1 Bd8 71. Bg3 Bb6 72. Kb2 Bd8 73.
a3 Be7 74. axb4 Bxb4 75. Kc2 Kb5 76. Kd3 a4 77. bxa4+ Kxa4 78. Bc7 Be7 79. e4
fxe4+ 80. fxe4 dxe4+ 81. Kxe4 Kb5 82. Kd5 Bb4 83. Ke6 Kc4 84. d5 f5 85. Be5 Bc5
86. d6 Bxd6 87. Bxd6 f4 88. Bxf4 1/2-1/2

[Event "BL 1617 Werder Bremen - SK König Tegel"]
[Site "?"]
[Date "2017.05.01"]
[Round "15.5"]
[White "Von Herman, Ulf"]
[Black "Nyback, Tomi"]
[Result "1/2-1/2"]
[WhiteElo "2346"]
[BlackElo "2583"]
[PlyCount "106"]
[EventDate "2017.??.??"]

1. c4 Nf6 2. Nf3 c5 3. Nc3 Nc6 4. g3 g6 5. Bg2 Bg7 6. O-O O-O 7. d4 cxd4 8.
Nxd4 Qa5 9. Nb3 Qh5 10. c5 a5 11. Na4 d5 12. cxd6 Bh3 13. dxe7 Nxe7 14. e4 Ng4
15. f3 Bxg2 16. fxg4 Qb5 17. Re1 Bh3 18. Nc3 Qc4 19. Bg5 Nc6 20. Rc1 Ne5 21.
Nd5 Bxg4 22. Nd2 Qa6 23. Qa4 Nd3 24. Nc7 Qb6+ 25. Be3 Qb4 26. Qxb4 axb4 27.
Nxa8 Rxa8 28. Rf1 Nxc1 29. Rxc1 Bxb2 30. Rc7 Rxa2 31. Rxb7 h5 32. Rxb4 Bc3 33.
Rb8+ Kh7 34. Rd8 Bh3 35. Kf2 f6 36. Ke2 g5 37. Kd3 Be5 38. Bd4 Ra3+ 39. Ke2
Bxd4 40. Rxd4 Ra1 41. Kf2 Rh1 42. Nf3 Bg4 43. Rd2 Kg6 44. Kg2 Ra1 45. Kf2 Kf7
46. Nd4 Ke7 47. Ke3 Re1+ 48. Kd3 Bh3 49. Nf3 Ra1 50. Ke3 Bg4 51. Nd4 Ra3+ 52.
Rd3 Ra2 53. Rd2 Ra3+ 1/2-1/2

[Event "BL 1617 Werder Bremen - SK König Tegel"]
[Site "?"]
[Date "2017.05.01"]
[Round "15.7"]
[White "Giemsa, Stephan"]
[Black "Koop, Thorben"]
[Result "1-0"]
[WhiteElo "2256"]
[BlackElo "2398"]
[PlyCount "99"]
[EventDate "2017.??.??"]

1. d4 Nf6 2. c4 g6 3. Nc3 d5 4. cxd5 Nxd5 5. e4 Nxc3 6. bxc3 Bg7 7. Be3 c5 8.
Rc1 Qa5 9. Qd2 cxd4 10. cxd4 Qxd2+ 11. Bxd2 O-O 12. Nf3 e6 13. Bb5 Nc6 14. Bxc6
bxc6 15. O-O Rb8 16. a3 Rb2 17. Bb4 Rd8 18. Rfe1 Bb7 19. Bc5 a5 20. Rb1 Rxb1
21. Rxb1 Ba6 22. Rb6 Bb5 23. h4 h6 24. Ne5 f5 25. Nxc6 Bxc6 26. Rxc6 Bxd4 27.
Bxd4 Rxd4 28. Rxe6 Rxe4 29. Rxg6+ Kh7 30. h5 f4 31. Rf6 Re5 32. Rf7+ Kg8 33.
Rxf4 Rxh5 34. a4 Kg7 35. g3 Rc5 36. Kg2 Kg6 37. Kf3 Re5 38. Rc4 Kg5 39. Rg4+
Kf5 40. Rf4+ Kg6 41. Re4 Rc5 42. Re6+ Kg7 43. Ra6 Rc3+ 44. Kg2 Rc5 45. Kh3 Rh5+
46. Kg2 Rc5 47. f4 h5 48. Kh3 Rd5 49. Kh4 Rc5 50. Re6 1-0

[Event "BL 1617 Werder Bremen - SK König Tegel"]
[Site "?"]
[Date "2017.05.01"]
[Round "15.8"]
[White "Grigorian, Spartak"]
[Black "Dimitrijeski, Boris"]
[Result "1/2-1/2"]
[WhiteElo "2338"]
[BlackElo "2293"]
[PlyCount "48"]
[EventDate "2017.??.??"]

1. d4 d5 2. c4 c6 3. Nc3 Nf6 4. Nf3 a6 5. e3 Bf5 6. Qb3 b5 7. cxd5 cxd5 8. a4
b4 9. Na2 e6 10. Bd3 Bxd3 11. Qxd3 Nc6 12. O-O Bd6 13. Bd2 O-O 14. Rfc1 Qb6 15.
b3 Rfc8 16. Rc2 Ne7 17. Rac1 Rxc2 18. Rxc2 Rc8 19. Rxc8+ Nxc8 20. Be1 Ne7 21.
Qc2 Ne4 22. Nd2 Nxd2 23. Qxd2 Nc6 24. f3 h6 1/2-1/2

[Event "BL 1617 Hamburger SK - Schachfr. Berlin"]
[Site "?"]
[Date "2017.05.01"]
[Round "15.1"]
[White "Melkumyan, Hrant"]
[Black "Bauer, Christian"]
[Result "1/2-1/2"]
[WhiteElo "2619"]
[BlackElo "2619"]
[PlyCount "80"]
[EventDate "2017.??.??"]

1. Nf3 b6 2. c4 Bb7 3. Nc3 e6 4. g3 Bxf3 5. exf3 c5 6. Bg2 Nc6 7. f4 Nge7 8.
O-O g6 9. d3 Bg7 10. Qa4 O-O 11. Rd1 a6 12. Be3 Qc7 13. Rab1 Rfd8 14. a3 d5 15.
Ne2 Nf5 16. b4 Ncd4 17. Nxd4 Bxd4 18. Bd2 b5 19. Qb3 Rac8 20. Be1 Qd6 21. Qa2
h5 22. a4 bxa4 23. Qxa4 h4 24. Kf1 cxb4 25. Bxb4 Bc5 26. cxd5 Bxb4 27. Qxb4
exd5 28. Qxd6 Rxd6 29. Rb4 Rc2 30. Re1 hxg3 31. hxg3 Kg7 32. Bf3 Rd2 33. Rd1
Rc2 34. Re1 Rd2 35. Rd1 Rc2 36. Ra4 Rb6 37. Re1 Rd2 38. Rd1 Rc2 39. Re1 Rd2 40.
Rd1 Rc2 1/2-1/2

[Event "BL 1617 Hamburger SK - Schachfr. Berlin"]
[Site "?"]
[Date "2017.05.01"]
[Round "15.2"]
[White "Kempinski, Robert"]
[Black "Piorun, Kacper"]
[Result "1/2-1/2"]
[WhiteElo "2594"]
[BlackElo "2651"]
[PlyCount "41"]
[EventDate "2017.??.??"]

1. d4 Nf6 2. c4 g6 3. g3 c6 4. Bg2 d5 5. cxd5 cxd5 6. Nf3 Bg7 7. Ne5 O-O 8. O-O
Ng4 9. Nf3 Nf6 10. Nc3 Ne4 11. Ne5 Bf5 12. Qb3 Nc6 13. Qxd5 Nxc3 14. bxc3 Qxd5
15. Bxd5 Nxe5 16. dxe5 Bxe5 17. Ba3 Bxc3 18. Rac1 Bf6 19. Rc7 Rad8 20. Bxb7 Rd7
21. Rxd7 1/2-1/2

[Event "BL 1617 Hamburger SK - Schachfr. Berlin"]
[Site "?"]
[Date "2017.05.01"]
[Round "15.3"]
[White "Mista, Aleksander"]
[Black "Miton, Kamil"]
[Result "1/2-1/2"]
[WhiteElo "2604"]
[BlackElo "2619"]
[PlyCount "65"]
[EventDate "2017.??.??"]

1. e4 c6 2. d4 d5 3. Nc3 dxe4 4. Nxe4 Bf5 5. Ng3 Bg6 6. Nh3 Nf6 7. Nf4 e5 8.
Nxg6 hxg6 9. dxe5 Qa5+ 10. Bd2 Qxe5+ 11. Qe2 Nbd7 12. Qxe5+ Nxe5 13. f4 Ned7
14. O-O-O Bc5 15. Re1+ Kf8 16. Bd3 Re8 17. Rxe8+ Kxe8 18. h3 Bf2 19. Ne4 Nxe4
20. Bxe4 Nc5 21. Bf3 Ne6 22. Rf1 Bg3 23. Bd1 Rh4 24. f5 gxf5 25. Rxf5 g6 26.
Rf3 Bf4 27. Bxf4 Rxf4 28. Rxf4 Nxf4 29. Bf3 g5 30. Kd2 Ke7 31. Ke3 f5 32. h4
Ne6 33. hxg5 1/2-1/2

[Event "BL 1617 Hamburger SK - Schachfr. Berlin"]
[Site "?"]
[Date "2017.05.01"]
[Round "15.5"]
[White "Schreiner, Peter"]
[Black "Huschenbeth, Niclas"]
[Result "1/2-1/2"]
[WhiteElo "2482"]
[BlackElo "2588"]
[PlyCount "98"]
[EventDate "2017.??.??"]

1. d4 d5 2. c4 dxc4 3. Nf3 a6 4. e3 b5 5. a4 Bb7 6. b3 e6 7. axb5 axb5 8. Rxa8
Bxa8 9. bxc4 bxc4 10. Bxc4 Nf6 11. O-O Be7 12. Nc3 O-O 13. Qe2 c5 14. dxc5 Nbd7
15. Rd1 Qa5 16. Nb5 Nxc5 17. Bb2 Nce4 18. Ra1 Qb6 19. h3 Bc5 20. Bd4 Bxd4 21.
Nbxd4 Qc5 22. Qa2 Bd5 23. Bxd5 Nxd5 24. Qa3 Qxa3 25. Rxa3 Rb8 26. Rb3 Ra8 27.
Rb2 Ra1+ 28. Kh2 g5 29. g4 Kg7 30. Kg2 Kf6 31. Ne2 Nd6 32. Ng3 h6 33. h4 gxh4
34. Nxh4 Nc4 35. Rb7 Ra2 36. Nh5+ Ke5 37. Kg3 Nc3 38. Nf3+ Kd6 39. Nf6 e5 40.
Rxf7 Ne2+ 41. Kh4 Nc3 42. Ne8+ Kd5 43. Rd7+ Ke4 44. g5 Rxf2 45. gxh6 Rxf3 46.
h7 Rf1 47. Kg5 Rg1+ 48. Kf6 Rh1 49. Kg7 Nd5 1/2-1/2

[Event "BL 1617 Hamburger SK - Schachfr. Berlin"]
[Site "?"]
[Date "2017.05.01"]
[Round "15.6"]
[White "Kollars, Dmitrij"]
[Black "Lauber, Arnd"]
[Result "1/2-1/2"]
[WhiteElo "2500"]
[BlackElo "2426"]
[PlyCount "76"]
[EventDate "2017.??.??"]

1. e4 e6 2. d4 d5 3. Nc3 Nf6 4. Bg5 Bb4 5. e5 h6 6. exf6 hxg5 7. fxg7 Rg8 8. h4
gxh4 9. Qh5 Qf6 10. Qxh4 Qxg7 11. Nf3 Nc6 12. O-O-O Bd7 13. g3 Be7 14. Qf4 Bd6
15. Qe3 O-O-O 16. Nb5 Be7 17. Qf4 Bg5 18. Nxg5 Qxg5 19. Qxg5 Rxg5 20. c3 a6 21.
Na3 Ne7 22. Bd3 Rg7 23. Rh5 Ng8 24. Nc2 Bb5 25. Bxb5 axb5 26. Rh3 Nf6 27. Nb4
Ne4 28. Nd3 Kd7 29. Rdh1 Ra8 30. a3 Ke7 31. Kd1 b6 32. Rh8 Rag8 33. Ke2 Nf6 34.
Ne5 Rxh8 35. Rxh8 Rh7 36. Nc6+ Kd6 37. Ne5 Ke7 38. Nc6+ Kd6 1/2-1/2

[Event "BL 1617 Hamburger SK - Schachfr. Berlin"]
[Site "?"]
[Date "2017.05.01"]
[Round "15.7"]
[White "Baldauf, Marco"]
[Black "Carlstedt, Jonathan"]
[Result "1/2-1/2"]
[WhiteElo "2456"]
[BlackElo "2450"]
[PlyCount "146"]
[EventDate "2017.??.??"]

1. d4 Nf6 2. Nf3 e6 3. Bf4 c5 4. e3 Qb6 5. Nc3 Nc6 6. Be2 Nh5 7. d5 Nxf4 8.
exf4 Nd4 9. O-O Bd6 10. Qd2 Qb4 11. g3 O-O 12. a3 Nxe2+ 13. Qxe2 Qa5 14. Rad1
Be7 15. Ne5 d6 16. Nc4 Qa6 17. a4 Bd7 18. b3 Rae8 19. Qd3 Bf6 20. dxe6 Bxe6 21.
Nd5 Bd4 22. Nc7 Qc6 23. Nxe6 Rxe6 24. c3 Bf6 25. Ne3 Rfe8 26. Nd5 Bd4 27. Qc4
Bf6 28. Qb5 Bd8 29. Rd2 Qc8 30. Qd3 Re4 31. Ne3 Bc7 32. Kg2 a6 33. Rfd1 h6 34.
h4 b6 35. Qd5 Qd7 36. Qb7 Qc8 37. Qxc8 Rxc8 38. Nd5 Bd8 39. Kf3 Re6 40. Re2 Kf8
41. Rde1 Rxe2 42. Rxe2 Rb8 43. h5 b5 44. axb5 Rxb5 45. Ra2 a5 46. Ra3 c4 47.
bxc4 Rb2 48. Ra1 Ke8 49. Re1+ Kd7 50. Re2 Rxe2 51. Kxe2 Kc6 52. Kd3 Kc5 53. Ne3
a4 54. Kc2 Bf6 55. Nf5 d5 56. cxd5 Kxd5 57. f3 Kc5 58. Kb2 Kc4 59. Nd6+ Kd3 60.
Nxf7 Bxc3+ 61. Ka3 Ke3 62. g4 Kxf4 63. Kxa4 Bf6 64. Kb3 Kxf3 65. Kc2 Bg5 66.
Nd6 Kxg4 67. Ne8 Kxh5 68. Nxg7+ Kg4 69. Kd1 Bf6 70. Ke2 Bxg7 71. Kf1 Kg3 72.
Kg1 Bd4+ 73. Kh1 Bc5 1/2-1/2

[Event "BL 1617 Hamburger SK - Schachfr. Berlin"]
[Site "?"]
[Date "2017.05.01"]
[Round "15.8"]
[White "Heinemann, Thies"]
[Black "Thiede, Lars"]
[Result "1-0"]
[WhiteElo "2470"]
[BlackElo "2424"]
[PlyCount "117"]
[EventDate "2017.??.??"]

1. e4 e5 2. Nf3 Nc6 3. Bb5 a6 4. Bxc6 dxc6 5. O-O f6 6. d4 Bg4 7. c3 Qd7 8. h3
Bxf3 9. Qxf3 O-O-O 10. Be3 Bd6 11. Nd2 Ne7 12. dxe5 fxe5 13. Rfd1 Ng6 14. Qf5
Rhf8 15. Qxd7+ Rxd7 16. Nb3 b6 17. Rd2 Rfd8 18. Rad1 Be7 19. g3 Rxd2 20. Rxd2
Bd6 21. Kg2 c5 22. c4 Re8 23. Rd1 Ne7 24. Nd2 Nc6 25. Nb1 Na5 26. b3 Nc6 27.
Nc3 Nd4 28. h4 c6 29. h5 Rf8 30. Rf1 Nf3 31. Ne2 Kd7 32. Ng1 Nd4 33. f4 Nc2 34.
Bd2 a5 35. Nf3 a4 36. fxe5 Be7 37. Bf4 axb3 38. axb3 Ra8 39. Rf2 Nb4 40. Rd2+
Ke8 41. e6 Ra2 42. Rxa2 Nxa2 43. h6 gxh6 44. Bxh6 Nc3 45. Ne5 Nxe4 46. Kf3 Nd6
47. Nxc6 Nf5 48. Bf4 Ng7 49. Bc7 Nxe6 50. Nxe7 Nxc7 51. Nc8 Na8 52. Nd6+ Ke7
53. Nb5 Kd7 54. Kf4 Nc7 55. Nxc7 Kxc7 56. g4 b5 57. Ke5 Kb6 58. Kd5 bxc4 59.
bxc4 1-0

[Event "BL 1617 SV Mülheim Nord - OSG Baden Ba"]
[Site "?"]
[Date "2017.05.01"]
[Round "15.6"]
[White "Zwirs, Nico"]
[Black "Movsesian, Sergei"]
[Result "1/2-1/2"]
[WhiteElo "2409"]
[BlackElo "2677"]
[PlyCount "110"]
[EventDate "2017.??.??"]

1. e4 c5 2. Nf3 e6 3. g3 Nc6 4. Bg2 Nf6 5. Qe2 e5 6. O-O Be7 7. c3 O-O 8. Na3
d6 9. Nc2 Re8 10. b4 h6 11. d3 Be6 12. bxc5 dxc5 13. Rb1 Qd7 14. Ne3 Bf8 15. c4
Nd4 16. Nxd4 exd4 17. Nd1 Nh7 18. f4 f5 19. Nf2 Rab8 20. Qf3 b6 21. exf5 Bxf5
22. g4 Be6 23. f5 Bf7 24. Ne4 Be7 25. Qg3 Qd8 26. Bf4 Rc8 27. Kh1 Ng5 28. Nd2
Nh7 29. Nf3 Bg5 30. Nxg5 hxg5 31. Bd2 Re2 32. Rbd1 Qf6 33. Rfe1 Rce8 34. Bf3
R2e5 35. Rxe5 Rxe5 36. Re1 Rxe1+ 37. Bxe1 Qe7 38. Qb8+ Nf8 39. Bg3 Qe3 40. Be4
Bxc4 41. Bd6 Bxd3 42. Qxf8+ Kh7 43. Bxd3 Qxd3 44. Kg2 Qe4+ 45. Kg3 Qe3+ 46. Kg2
Qd2+ 47. Kg3 Qc3+ 48. Kf2 Qc2+ 49. Kg3 Qd3+ 50. Kg2 Qe4+ 51. Kg3 d3 52. f6 Qe1+
53. Kg2 Qe2+ 54. Kg3 Qe1+ 55. Kg2 Qe2+ 1/2-1/2

[Event "BL 1617 SV Mülheim Nord - OSG Baden Ba"]
[Site "?"]
[Date "2017.05.01"]
[Round "15.8"]
[White "Buckels, Valentin"]
[Black "Nielsen, Peter Heine"]
[Result "0-1"]
[WhiteElo "2309"]
[BlackElo "2639"]
[PlyCount "112"]
[EventDate "2017.??.??"]

1. d4 e6 2. c4 f5 3. g3 Nf6 4. Bg2 d5 5. Nh3 Bd6 6. O-O O-O 7. Nd2 h6 8. Nf4
Bxf4 9. gxf4 b6 10. b3 Bb7 11. Ba3 Re8 12. Rc1 a5 13. Re1 Nc6 14. e3 Ne7 15.
Bxe7 Qxe7 16. c5 Ba6 17. Nf3 Nd7 18. cxb6 cxb6 19. Qd2 Rec8 20. Rxc8+ Rxc8 21.
Rc1 Rxc1+ 22. Qxc1 Be2 23. Qc2 Bxf3 24. Bxf3 Qd8 25. Qc6 Nf8 26. Kf1 Kf7 27.
Bh5+ Ke7 28. Be2 Ng6 29. Qb7+ Kf6 30. Bb5 Nh8 31. Bd7 Nf7 32. Qc6 Qe7 33. Bc8
Nd6 34. Ba6 Qd8 35. Ke2 Ke7 36. Bd3 Qb8 37. Kd2 Qb7 38. Qc1 Qc8 39. Qa3 Qc7 40.
b4 axb4 41. Qxb4 Kf6 42. Qa4 Kg6 43. Qa8 b5 44. Qa6 Kh5 45. Ke2 Qd7 46. Qa5 Nc4
47. Qa8 Kh4 48. Kf1 Qf7 49. Bxc4 bxc4 50. Ke2 Qh5+ 51. Ke1 Qg4 52. Qd8+ Kh3 53.
Qe7 c3 54. Qa3 Qg1+ 55. Ke2 c2 56. e4+ Kxh2 0-1